Ḥujjīyat al-ḥukm al-jināʾī ʻalá al-daʻwá al-taʾdībīyah : dirs̄ah muqāranah /

Saved in:
Bibliographic Details
Main Author: Ibrāhīm, Waḥīd Maḥmūd.
Format: Book
Language:Arabic
Published: [Cairo] : W.M. Ibrāhīm, [1995]
Subjects:
Tags: Add Tag
No Tags, Be the first to tag this record!
LEADER 00831nam a2200253 a 4500
001 007797111-6
005 20020606104010.5
008 010119s1995 ua b 000 0 ara d
020 |a 9770096458 
035 0 |a ocm45860977 
035 1 |a MAHX01B36 
040 |a MH-L  |c MH-L 
043 |a f-ua--- 
100 1 |a Ibrāhīm, Waḥīd Maḥmūd. 
245 1 0 |a Ḥujjīyat al-ḥukm al-jināʾī ʻalá al-daʻwá al-taʾdībīyah :  |b dirs̄ah muqāranah /  |c Waḥīd Maḥmūd Ibrāhīm. 
260 |a [Cairo] :  |b W.M. Ibrāhīm,  |c [1995] 
300 |a 669 p. ;  |c 24 cm. 
504 |a Includes bibliographical references (p. 625-658). 
650 0 |a Judgments, Criminal  |z Egypt. 
650 0 |a Res judicata  |z Egypt. 
650 0 |a Administrative law  |z Egypt. 
651 0 |a Egypt  |x Officials and employees  |x Discipline. 
988 |a 20020608 
906 |0 MH